| 000 | 01234nam a22003857a 4500 | ||
|---|---|---|---|
| 001 | 0010225 | ||
| 003 | KOHA_MİRAKIL | ||
| 005 | 20260207001737.0 | ||
| 007 | ta | ||
| 008 | 091104b1987 tu |||gr||||#||||0|tur | | ||
| 020 | _c0,01 | ||
| 040 |
_aTR-BiSEU _btur _cTR-BiSEU _erda |
||
| 041 | 0 | _atur | |
| 044 | _ctu | ||
| 050 |
_aHJ2906.5 _b.K85 1987 |
||
| 100 | 1 | _aKükrer, Sami A.. | |
| 245 | 1 |
_aTürk vergi sisteminde servet intikallerinin vergilendirilmesi/ _cSami A. Kükrer ; Sami A. Kükrer. |
|
| 264 | 1 |
_aEskişehir : _bAnadolu Üniversitesi _c1987 |
|
| 300 | _avi, 241 sayfa; 24 cm. | ||
| 336 |
_ametin _btxt _2rdacontent |
||
| 337 |
_aaracısız _bn _2rdamedia |
||
| 338 |
_acilt _bnc _2rdacarrier |
||
| 490 | 1 |
_aAnadolu Üniversitesi Yayınları ; _vNo. |
|
| 490 | 1 | _a256. | |
| 490 | 1 |
_aAfyon İktisadi ve İdari Bilimler Fakültesi Yayınları ; _vNo. |
|
| 490 | 1 | _a2. | |
| 500 | _aKaynakça var. | ||
| 650 | 0 |
_aTaxation--Turkey. _93960 |
|
| 650 | 0 |
_aVergilendirme--Türkiye. _93958 |
|
| 830 | 1 |
_aAnadolu Üniversitesi Yayınları ; _vNo. _916074 |
|
| 830 | 1 |
_a256. _917673 |
|
| 830 | 1 |
_aAfyon İktisadi ve İdari Bilimler Fakültesi Yayınları ; _vNo. _925164 |
|
| 830 | 1 |
_a2. _95554 |
|
| 942 |
_2lcc _cBK |
||
| 999 |
_c10197 _d10197 |
||